Quiz sur le Togo - Statistiques

Statistiques générales
  • Ce quiz a été pris 4 188 fois
  • Le résultat moyen est 11 sur 18
Statistiques - réponses
Question Réponse % Correct
Pays frontaliers Bénin
93%
Pays frontaliers Ghana
90%
Pays frontaliers Burkina Faso
87%
Langue officielle Français
85%
Capitale Lomé
84%
Devise monétaire actuelle Franc {CFA}
82%
Pays qui a colonisé le Togo entre 1884 et 1916 Allemagne
76%
Type de fèves qui représente 20% des exportations togolaises Cacao
74%
Golfe océanique qui borde le Togo Golfe de Guinée
70%
Capitale qui se trouve à seulement 172 kilomètres de celle du Togo Accra
66%
Nom historiquement donné aux côtes du Togo, dû au commerce cruel dont elles étaient le théâtre Côte des {Esclaves}
62%
Sport, qui possède la particularité d'être un palindrome, dans lequel le Togo a remporté sa seule médaille olympique Kayak
51%
Ensemble de croyances désignant l'attribution d'un esprit aux objets et aux éléments qui est pratiqué par un tiers des habitants du Togo {Anim}isme
41%
Nom que portait le Togo à cette époque Togo{land}
39%
Devise qui devrait remplacer celle-ci dans 15 pays d'Afrique de l'Ouest, dont le Togo, en 2020 Eco
37%
Plus long fleuve, dont le nom signifie seul en grec Mono
26%
Le Togo est le cinquième producteur mondial de ce tubercule comestible Igname
24%
Le Togo a les quatrièmes plus grandes réserves en phosphate du monde. Ce composé chimique sert notamment à fabriquer des... Engrais
21%
Aucun quiz correspondant
Distribution des résultats
% des personnes avec chaque résultat
Percentile par nombre de réponses
Votre historique - résultats
Vous n’avez pas pris ce quiz